Statistics for Biggest Cities Starting With Z

Click here to take the quiz!

General Stats

  • This quiz has been taken 5,289 times
    (390 since last reset)
  • The average score is 3 of 12

Answer Stats

CountryProvincePopulationCity% Correct
Switzerland1.49 milZurich
99%
ChinaHenan9.80 milZhengzhou
57%
ChinaShandong3.88 milZibo
35%
ChinaGuangdong2.55 milZhuhai
23%
Nigeria1.02 milZaria
18%
China!Hebei1.43 milZhangjiakou
15%
ChinaGuangdong1.84 milZhanjiang
15%
China!!!Guandong1.13 milZhaoqing
12%
China!!Jiangsu1.19 milZhenjiang
12%
China!!!!Henan1.05 milZhoukou
12%
ChinaGuizhou1.94 milZunyi
12%
ChinaShandong1.84 milZaozhuang
11%

Score Distribution

Percentile by Number Answered

Percent of People with Each Score

Your Score History

You have not taken this quiz since the last reset